[Event "DVM U14 2023"]
[Site "Magdeburg GER"]
[Date "2023.12.28"]
[Round "3"]
[White "Riechenberg, Sebastian"]
[Black "Vartanian, Roman"]
[Result "1/2-1/2"]
[Termination "normal"]
[Board "6.2"]
[WhiteElo "1913"]
[BlackElo "1705"]
[WhiteClock "01:30:30"]
[BlackClock "00:44:19"]
[WhiteTeam "SV Erkenschwick 1923"]
[BlackTeam "Düsseldorfer SK 14/25"]
[PlyCount "51"]
[WhiteFideId "34605231"]
[BlackFideId "34140107"]
[EventCountry "GER"]
[EventRounds "7"]
[EventType "team-swiss"]
[EventDate "2023.12.26"]

1. d4 {[%clk 01:30:58]} {[%emt 00:00:01]} Nf6 {[%clk 01:30:51]} {[%emt
00:00:11]} 2. Bg5 {[%clk 01:31:22]} {[%emt 00:00:05]} d5 {[%clk 01:31:13]}
{[%emt 00:00:08]} 3. e3 {[%clk 01:31:09]} {[%emt 00:00:43]} e6 {[%clk
01:31:12]} {[%emt 00:00:31]} 4. Nd2 {[%clk 01:30:29]} {[%emt 00:01:10]} Be7
{[%clk 01:30:12]} {[%emt 00:01:30]} 5. Bd3 {[%clk 01:28:04]} {[%emt 00:02:56]}
Nbd7 {[%clk 01:29:23]} {[%emt 00:01:18]} 6. Ngf3 {[%clk 01:27:36]} {[%emt
00:00:58]} O-O {[%clk 01:29:29]} {[%emt 00:00:25]} 7. O-O {[%clk 01:22:35]}
{[%emt 00:05:31]} b6 {[%clk 01:26:12]} {[%emt 00:03:47]} 8. e4 {[%clk
01:08:51]} {[%emt 00:14:13]} dxe4 {[%clk 01:23:55]} {[%emt 00:02:48]} 9. Nxe4
{[%clk 01:08:17]} {[%emt 00:01:04]} Bb7 {[%clk 01:23:39]} {[%emt 00:00:45]} 10.
Qe2 {[%clk 01:06:51]} {[%emt 00:01:56]} Bxe4 {[%clk 01:18:44]} {[%emt
00:05:25]} 11. Bxe4 {[%clk 01:06:58]} {[%emt 00:00:23]} Nxe4 {[%clk 01:19:08]}
{[%emt 00:00:05]} 12. Bxe7 {[%clk 01:07:21]} {[%emt 00:00:08]} Ng3 {[%clk
01:17:13]} {[%emt 00:02:25]} 13. hxg3 {[%clk 01:04:35]} {[%emt 00:03:16]} Qxe7
{[%clk 01:17:35]} {[%emt 00:00:08]} 14. Rad1 {[%clk 01:03:09]} {[%emt
00:01:56]} Rfe8 {[%clk 01:14:50]} {[%emt 00:03:14]} 15. Rfe1 {[%clk 01:03:19]}
{[%emt 00:00:21]} f6 {[%clk 01:05:56]} {[%emt 00:09:23]} 16. Qc4 {[%clk
00:52:18]} {[%emt 00:11:32]} Qd6 {[%clk 01:01:42]} {[%emt 00:04:43]} 17. Re2
{[%clk 00:47:17]} {[%emt 00:05:32]} Rad8 {[%clk 00:56:35]} {[%emt 00:05:36]}
18. Rde1 {[%clk 00:42:18]} {[%emt 00:05:29]} Kf7 {[%clk 00:54:00]} {[%emt
00:03:05]} 19. c3 {[%clk 00:39:03]} {[%emt 00:03:46]} c6 {[%clk 00:52:38]}
{[%emt 00:01:52]} 20. Qd3 {[%clk 00:34:07]} {[%emt 00:05:27]} Nf8 {[%clk
00:50:05]} {[%emt 00:03:02]} 21. Qa6 {[%clk 00:27:04]} {[%emt 00:07:34]} Re7
{[%clk 00:47:56]} {[%emt 00:02:39]} 22. a4 {[%clk 00:26:40]} {[%emt 00:00:54]}
Qc7 {[%clk 00:46:53]} {[%emt 00:01:33]} 23. Qc4 {[%clk 00:24:15]} {[%emt
00:02:56]} Qd6 {[%clk 00:44:21]} {[%emt 00:03:02]} 24. Qa6 {[%clk 00:21:02]}
{[%emt 00:03:44]} Qc7 {[%clk 00:44:19]} {[%emt 00:00:31]} 25. Qc4 {[%clk
00:21:15]} {[%emt 00:00:18]} Qd6 {[%emt 00:06:19]} 26. Qa6 {[%clk 01:30:30]}
{[%emt 00:00:10]} 1/2-1/2

[Event "DVM U14 2023"]
[Site "Magdeburg GER"]
[Date "2023.12.28"]
[Round "3"]
[White "Krstovic, Marko"]
[Black "Allen, Phillipp"]
[Result "1-0"]
[Termination "normal"]
[Board "6.3"]
[WhiteElo "1455"]
[BlackElo "1628"]
[WhiteClock "01:17:20"]
[BlackClock "00:42:00"]
[WhiteTeam "Düsseldorfer SK 14/25"]
[BlackTeam "SV Erkenschwick 1923"]
[PlyCount "77"]
[WhiteFideId "16278003"]
[BlackFideId "16272846"]
[EventCountry "GER"]
[EventRounds "7"]
[EventType "team-swiss"]
[EventDate "2023.12.26"]

1. c4 {[%clk 01:30:58]} {[%emt 00:00:01]} Nf6 {[%clk 01:30:55]} {[%emt
00:00:06]} 2. Nc3 {[%clk 01:31:23]} {[%emt 00:00:04]} g6 {[%clk 01:31:19]}
{[%emt 00:00:06]} 3. g3 {[%clk 01:31:49]} {[%emt 00:00:04]} Bg7 {[%clk
01:31:43]} {[%emt 00:00:06]} 4. Bg2 {[%clk 01:32:14]} {[%emt 00:00:05]} d6
{[%clk 01:32:04]} {[%emt 00:00:09]} 5. b3 {[%clk 01:32:34]} {[%emt 00:00:11]}
O-O {[%clk 01:32:26]} {[%emt 00:00:07]} 6. e3 {[%clk 01:32:53]} {[%emt
00:00:11]} c5 {[%clk 01:27:38]} {[%emt 00:05:17]} 7. Nge2 {[%clk 01:33:16]}
{[%emt 00:00:08]} Nc6 {[%clk 01:27:11]} {[%emt 00:00:57]} 8. O-O {[%clk
01:33:33]} {[%emt 00:00:13]} e5 {[%clk 01:26:39]} {[%emt 00:01:01]} 9. Bb2
{[%clk 01:33:02]} {[%emt 00:01:02]} Ne8 {[%clk 01:20:35]} {[%emt 00:06:34]} 10.
Nd5 {[%clk 01:32:26]} {[%emt 00:01:06]} Nc7 {[%clk 01:20:17]} {[%emt 00:00:47]}
11. Nxc7 {[%clk 01:31:54]} {[%emt 00:01:02]} Qxc7 {[%clk 01:20:39]} {[%emt
00:00:09]} 12. d4 {[%clk 01:32:16]} {[%emt 00:00:08]} exd4 {[%clk 01:20:11]}
{[%emt 00:00:57]} 13. exd4 {[%clk 01:32:38]} {[%emt 00:00:09]} Bg4 {[%clk
01:17:04]} {[%emt 00:03:34]} 14. f3 {[%clk 01:31:40]} {[%emt 00:01:31]} Bf5
{[%clk 01:14:29]} {[%emt 00:03:05]} 15. Qd2 {[%clk 01:30:53]} {[%emt 00:01:17]}
Rfe8 {[%clk 01:14:13]} {[%emt 00:00:45]} 16. g4 {[%clk 01:27:33]} {[%emt
00:03:52]} Bd7 {[%clk 01:09:47]} {[%emt 00:04:55]} 17. dxc5 {[%clk 01:27:00]}
{[%emt 00:01:03]} dxc5 {[%clk 01:09:19]} {[%emt 00:00:58]} 18. Bxg7 {[%clk
01:27:24]} {[%emt 00:00:07]} Kxg7 {[%clk 01:09:40]} {[%emt 00:00:09]} 19. Qc3+
{[%clk 01:25:52]} {[%emt 00:02:01]} Qe5 {[%clk 01:07:50]} {[%emt 00:02:18]} 20.
f4 {[%clk 01:24:03]} {[%emt 00:02:22]} Qxc3 {[%clk 01:07:15]} {[%emt 00:01:04]}
21. Nxc3 {[%clk 01:24:27]} {[%emt 00:00:06]} Bxg4 {[%clk 01:06:46]} {[%emt
00:01:00]} 22. Ne4 {[%clk 01:23:52]} {[%emt 00:01:04]} Rab8 {[%clk 00:48:13]}
{[%emt 00:19:02]} 23. Nxc5 {[%clk 01:23:14]} {[%emt 00:01:10]} Rec8 {[%clk
00:48:20]} {[%emt 00:00:23]} 24. Rfe1 {[%clk 01:20:50]} {[%emt 00:02:54]} b6
{[%clk 00:45:40]} {[%emt 00:03:07]} 25. Na6 {[%clk 01:18:12]} {[%emt 00:03:10]}
Rb7 {[%clk 00:44:21]} {[%emt 00:01:48]} 26. Nb4 {[%clk 01:18:05]} {[%emt
00:00:38]} Bd7 {[%clk 00:44:46]} {[%emt 00:00:05]} 27. Rad1 {[%clk 01:16:36]}
{[%emt 00:01:59]} a5 {[%clk 00:41:53]} {[%emt 00:03:23]} 28. Rxd7 {[%clk
01:16:06]} {[%emt 00:01:01]} Rxd7 {[%clk 00:42:17]} {[%emt 00:00:05]} 29. Nxc6
{[%clk 01:16:25]} {[%emt 00:00:11]} f6 {[%clk 00:42:39]} {[%emt 00:00:08]} 30.
Re7+ {[%clk 01:16:22]} {[%emt 00:00:33]} Rxe7 {[%clk 00:43:04]} {[%emt
00:00:04]} 31. Nxe7 {[%clk 01:16:44]} {[%emt 00:00:08]} Re8 {[%clk 00:43:21]}
{[%emt 00:00:12]} 32. Nd5 {[%clk 01:17:02]} {[%emt 00:00:13]} Re2 {[%clk
00:43:21]} {[%emt 00:00:31]} 33. Nxb6 {[%clk 01:17:15]} {[%emt 00:00:17]} Rxa2
{[%clk 00:43:45]} {[%emt 00:00:06]} 34. c5 {[%clk 01:16:48]} {[%emt 00:00:57]}
Kf7 {[%clk 00:43:27]} {[%emt 00:00:47]} 35. c6 {[%clk 01:17:02]} {[%emt
00:00:18]} Rc2 {[%clk 00:43:45]} {[%emt 00:00:11]} 36. Nc4 {[%clk 01:17:18]}
{[%emt 00:00:14]} Ke7 {[%clk 00:43:07]} {[%emt 00:01:08]} 37. Nxa5 {[%clk
01:17:21]} {[%emt 00:00:28]} Rc5 {[%clk 00:41:43]} {[%emt 00:01:50]} 38. b4
{[%clk 01:17:00]} {[%emt 00:00:53]} Rb5 {[%clk 00:42:00]} {[%emt 00:00:12]} 39.
c7 {[%clk 01:17:20]} {[%emt 00:00:12]} 1-0

[Event "DVM U14 2023"]
[Site "Magdeburg GER"]
[Date "2023.12.28"]
[Round "3"]
[White "Al Marawi, Yousef"]
[Black "Alugili, Yosef"]
[Result "1-0"]
[Termination "normal"]
[Board "6.4"]
[WhiteElo "1563"]
[BlackElo "1475"]
[WhiteClock "00:18:45"]
[BlackClock "00:41:07"]
[WhiteTeam "SV Erkenschwick 1923"]
[BlackTeam "Düsseldorfer SK 14/25"]
[PlyCount "37"]
[WhiteFideId "34607420"]
[BlackFideId "34635963"]
[EventCountry "GER"]
[EventRounds "7"]
[EventType "team-swiss"]
[EventDate "2023.12.26"]

1. e4 {[%clk 01:30:53]} {[%emt 00:00:07]} c5 {[%clk 01:30:57]} {[%emt
00:00:04]} 2. Nf3 {[%clk 01:31:12]} {[%emt 00:00:10]} e6 {[%clk 01:31:24]}
{[%emt 00:00:03]} 3. d4 {[%clk 01:31:21]} {[%emt 00:00:21]} cxd4 {[%clk
01:31:49]} {[%emt 00:00:04]} 4. Nxd4 {[%clk 01:31:43]} {[%emt 00:00:09]} Nc6
{[%clk 01:32:18]} {[%emt 00:00:01]} 5. c4 {[%clk 01:31:13]} {[%emt 00:01:00]}
Bc5 {[%clk 01:32:20]} {[%emt 00:00:28]} 6. Nb3 {[%clk 01:28:31]} {[%emt
00:03:10]} Be7 {[%clk 01:32:24]} {[%emt 00:00:27]} 7. Be2 {[%clk 01:27:58]}
{[%emt 00:01:03]} Nf6 {[%clk 01:32:40]} {[%emt 00:00:15]} 8. Nc3 {[%clk
01:28:10]} {[%emt 00:00:18]} O-O {[%clk 01:31:19]} {[%emt 00:01:51]} 9. O-O
{[%clk 01:28:25]} {[%emt 00:00:14]} Bb4 {[%clk 01:30:35]} {[%emt 00:01:14]} 10.
Qc2 {[%clk 01:14:05]} {[%emt 00:14:50]} d5 {[%clk 01:16:51]} {[%emt 00:14:14]}
11. exd5 {[%clk 01:03:37]} {[%emt 00:10:58]} exd5 {[%clk 01:14:37]} {[%emt
00:02:45]} 12. cxd5 {[%clk 01:02:11]} {[%emt 00:01:56]} Bxc3 {[%clk 01:14:48]}
{[%emt 00:00:18]} 13. dxc6 {[%clk 01:01:28]} {[%emt 00:01:13]} Be5 {[%clk
01:13:26]} {[%emt 00:01:52]} 14. Bf3 {[%clk 00:41:49]} {[%emt 00:20:09]} Qb6
{[%clk 00:55:27]} {[%emt 00:18:24]} 15. Be3 {[%clk 00:36:04]} {[%emt 00:06:20]}
Qb5 {[%clk 00:43:56]} {[%emt 00:12:01]} 16. a4 {[%clk 00:33:26]} {[%emt
00:03:08]} Bf5 {[%clk 00:40:53]} {[%emt 00:03:32]} 17. axb5 {[%clk 00:21:08]}
{[%emt 00:12:49]} Bxc2 {[%clk 00:41:13]} {[%emt 00:00:09]} 18. cxb7 {[%clk
00:20:39]} {[%emt 00:00:59]} Rab8 {[%clk 00:41:07]} {[%emt 00:00:36]} 19. Nc5
{[%clk 00:18:45]} {[%emt 00:02:24]} 1-0

[Event "DVM U14 2023"]
[Site "Magdeburg GER"]
[Date "2023.12.28"]
[Round "3"]
[White "Weber, Nikita"]
[Black "Polzin, Gustav"]
[Result "0-1"]
[Termination "normal"]
[Board "7.1"]
[WhiteElo "1893"]
[BlackElo "1895"]
[WhiteClock "00:13:35"]
[BlackClock "00:38:59"]
[WhiteTeam "Vorwärts Orient Mainz"]
[BlackTeam "USV Halle"]
[PlyCount "80"]
[WhiteFideId "34608770"]
[BlackFideId "34603280"]
[EventCountry "GER"]
[EventRounds "7"]
[EventType "team-swiss"]
[EventDate "2023.12.26"]

1. Nf3 {[%clk 01:30:57]} {[%emt 00:00:02]} Nf6 {[%clk 01:30:29]} {[%emt
00:00:32]} 2. g3 {[%clk 01:31:25]} {[%emt 00:00:01]} g6 {[%clk 01:29:57]}
{[%emt 00:01:02]} 3. Bg2 {[%clk 01:31:53]} {[%emt 00:00:02]} Bg7 {[%clk
01:30:25]} {[%emt 00:00:03]} 4. O-O {[%clk 01:32:13]} {[%emt 00:00:10]} O-O
{[%clk 01:30:38]} {[%emt 00:00:18]} 5. d4 {[%clk 01:32:23]} {[%emt 00:00:20]}
d6 {[%clk 01:31:06]} {[%emt 00:00:02]} 6. c4 {[%clk 01:30:59]} {[%emt
00:01:53]} Nbd7 {[%clk 01:29:22]} {[%emt 00:02:15]} 7. Nc3 {[%clk 01:31:04]}
{[%emt 00:00:24]} c5 {[%clk 01:29:15]} {[%emt 00:00:37]} 8. b3 {[%clk
01:22:53]} {[%emt 00:08:41]} Rb8 {[%clk 01:25:19]} {[%emt 00:04:26]} 9. Bb2
{[%clk 01:22:41]} {[%emt 00:00:42]} a6 {[%clk 01:25:41]} {[%emt 00:00:08]} 10.
dxc5 {[%clk 01:21:03]} {[%emt 00:02:08]} Nxc5 {[%clk 01:25:44]} {[%emt
00:00:28]} 11. b4 {[%clk 01:10:55]} {[%emt 00:10:38]} Ne6 {[%clk 01:20:31]}
{[%emt 00:05:43]} 12. Nd5 {[%clk 01:08:29]} {[%emt 00:02:56]} Nxd5 {[%clk
01:17:19]} {[%emt 00:03:42]} 13. Bxg7 {[%clk 01:07:28]} {[%emt 00:01:30]} Ne3
{[%clk 01:17:29]} {[%emt 00:00:20]} 14. fxe3 {[%clk 01:03:26]} {[%emt
00:04:32]} Nxg7 {[%clk 01:17:39]} {[%emt 00:00:20]} 15. Kh1 {[%clk 00:58:54]}
{[%emt 00:05:02]} Be6 {[%clk 01:15:12]} {[%emt 00:02:57]} 16. Qd3 {[%clk
00:52:53]} {[%emt 00:06:30]} Qb6 {[%clk 01:14:34]} {[%emt 00:01:09]} 17. a3
{[%clk 00:46:05]} {[%emt 00:07:19]} Rfc8 {[%clk 01:08:53]} {[%emt 00:06:11]}
18. Rac1 {[%clk 00:45:28]} {[%emt 00:01:06]} a5 {[%clk 00:51:58]} {[%emt
00:17:26]} 19. bxa5 {[%clk 00:39:19]} {[%emt 00:06:38]} Qc5 {[%clk 00:50:37]}
{[%emt 00:01:51]} 20. Nd2 {[%clk 00:37:58]} {[%emt 00:01:51]} Nf5 {[%clk
00:48:55]} {[%emt 00:02:12]} 21. e4 {[%clk 00:26:29]} {[%emt 00:11:59]} Ne3
{[%clk 00:47:50]} {[%emt 00:01:35]} 22. Nb3 {[%clk 00:26:23]} {[%emt 00:00:36]}
Qa7 {[%clk 00:47:08]} {[%emt 00:01:12]} 23. Rf3 {[%clk 00:25:03]} {[%emt
00:01:51]} Nxc4 {[%clk 00:46:57]} {[%emt 00:00:41]} 24. Qd4 {[%clk 00:22:53]}
{[%emt 00:02:40]} Qxd4 {[%clk 00:45:53]} {[%emt 00:01:34]} 25. Nxd4 {[%clk
00:23:11]} {[%emt 00:00:12]} Nxa5 {[%clk 00:43:33]} {[%emt 00:02:50]} 26. Rcf1
{[%clk 00:22:14]} {[%emt 00:01:28]} Bc4 {[%clk 00:42:57]} {[%emt 00:01:06]} 27.
R3f2 {[%clk 00:21:45]} {[%emt 00:00:58]} Nc6 {[%clk 00:42:49]} {[%emt
00:00:39]} 28. Nxc6 {[%clk 00:20:48]} {[%emt 00:01:27]} bxc6 {[%clk 00:42:32]}
{[%emt 00:00:46]} 29. Rc1 {[%clk 00:20:50]} {[%emt 00:00:32]} Be6 {[%clk
00:42:55]} {[%emt 00:00:04]} 30. Rf3 {[%clk 00:20:44]} {[%emt 00:00:36]} Rb2
{[%clk 00:43:02]} {[%emt 00:00:23]} 31. Bf1 {[%clk 00:19:57]} {[%emt 00:01:17]}
c5 {[%clk 00:43:14]} {[%emt 00:00:17]} 32. Rfc3 {[%clk 00:19:59]} {[%emt
00:00:28]} Ra8 {[%clk 00:43:23]} {[%emt 00:00:21]} 33. Ra1 {[%clk 00:20:12]}
{[%emt 00:00:17]} Ra4 {[%clk 00:42:58]} {[%emt 00:00:56]} 34. e5 {[%clk
00:18:43]} {[%emt 00:01:59]} Kf8 {[%clk 00:42:05]} {[%emt 00:01:22]} 35. Rd1
{[%clk 00:18:44]} {[%emt 00:00:28]} Rb6 {[%clk 00:41:07]} {[%emt 00:01:28]} 36.
Bg2 {[%clk 00:18:48]} {[%emt 00:00:27]} Rba6 {[%clk 00:40:25]} {[%emt
00:01:12]} 37. Bb7 {[%clk 00:17:56]} {[%emt 00:01:22]} Rb6 {[%clk 00:39:36]}
{[%emt 00:01:19]} 38. Bd5 {[%clk 00:17:52]} {[%emt 00:00:33]} Rd4 {[%clk
00:38:21]} {[%emt 00:01:46]} 39. Rxd4 {[%clk 00:13:45]} {[%emt 00:04:37]} cxd4
{[%clk 00:38:40]} {[%emt 00:00:11]} 40. Bxe6 {[%clk 00:13:35]} {[%emt
00:00:41]} dxc3 {[%clk 00:38:59]} {[%emt 00:00:11]} 0-1

[Event "DVM U14 2023"]
[Site "Magdeburg GER"]
[Date "2023.12.28"]
[Round "3"]
[White "Patzschke, Carlo"]
[Black "Mohammadzadeh, Daris"]
[Result "0-1"]
[Termination "normal"]
[Board "7.2"]
[WhiteElo "1636"]
[BlackElo "1800"]
[WhiteClock "00:04:24"]
[BlackClock "00:12:45"]
[WhiteTeam "USV Halle"]
[BlackTeam "Vorwärts Orient Mainz"]
[PlyCount "44"]
[WhiteFideId "34617973"]
[BlackFideId "34604359"]
[EventCountry "GER"]
[EventRounds "7"]
[EventType "team-swiss"]
[EventDate "2023.12.26"]

1. c4 {[%clk 01:30:58]} {[%emt 00:00:01]} e5 {[%clk 01:30:47]} {[%emt
00:00:13]} 2. g3 {[%clk 01:31:23]} {[%emt 00:00:05]} g6 {[%clk 01:31:07]}
{[%emt 00:00:11]} 3. Bg2 {[%clk 01:31:46]} {[%emt 00:00:06]} Bg7 {[%clk
01:31:33]} {[%emt 00:00:04]} 4. Nc3 {[%clk 01:32:05]} {[%emt 00:00:11]} d6
{[%clk 01:31:23]} {[%emt 00:00:41]} 5. e4 {[%clk 01:31:39]} {[%emt 00:00:56]}
Ne7 {[%clk 01:29:03]} {[%emt 00:02:50]} 6. Nge2 {[%clk 01:31:48]} {[%emt
00:00:20]} Be6 {[%clk 01:26:03]} {[%emt 00:03:31]} 7. d3 {[%clk 01:31:31]}
{[%emt 00:00:46]} c6 {[%clk 01:25:36]} {[%emt 00:00:57]} 8. O-O {[%clk
01:26:28]} {[%emt 00:05:33]} O-O {[%clk 01:21:52]} {[%emt 00:04:14]} 9. Rb1
{[%clk 01:22:18]} {[%emt 00:04:41]} a5 {[%clk 01:19:50]} {[%emt 00:02:32]} 10.
a3 {[%clk 01:18:37]} {[%emt 00:04:10]} Nd7 {[%clk 01:17:41]} {[%emt 00:02:39]}
11. b4 {[%clk 01:12:23]} {[%emt 00:06:44]} axb4 {[%clk 01:17:55]} {[%emt
00:00:16]} 12. axb4 {[%clk 01:12:45]} {[%emt 00:00:08]} f5 {[%clk 01:11:43]}
{[%emt 00:06:41]} 13. Bg5 {[%clk 01:03:36]} {[%emt 00:09:38]} h6 {[%clk
01:02:07]} {[%emt 00:10:07]} 14. Bxe7 {[%clk 01:01:00]} {[%emt 00:03:06]} Qxe7
{[%clk 01:02:35]} {[%emt 00:00:02]} 15. Qc1 {[%clk 00:46:47]} {[%emt 00:14:44]}
fxe4 {[%clk 00:45:34]} {[%emt 00:17:31]} 16. Bxe4 {[%clk 00:41:38]} {[%emt
00:05:38]} Bf5 {[%clk 00:43:11]} {[%emt 00:02:52]} 17. f4 {[%clk 00:29:43]}
{[%emt 00:12:26]} Bxe4 {[%clk 00:33:10]} {[%emt 00:10:31]} 18. dxe4 {[%clk
00:22:09]} {[%emt 00:08:04]} Qe6 {[%clk 00:25:16]} {[%emt 00:08:24]} 19. Nd1
{[%clk 00:18:37]} {[%emt 00:04:02]} exf4 {[%clk 00:21:15]} {[%emt 00:04:32]}
20. Rxf4 {[%clk 00:12:41]} {[%emt 00:06:25]} Rxf4 {[%clk 00:20:13]} {[%emt
00:01:32]} 21. Qxf4 {[%clk 00:08:56]} {[%emt 00:04:15]} Qxc4 {[%clk 00:14:34]}
{[%emt 00:06:10]} 22. Qe3 {[%clk 00:04:24]} {[%emt 00:05:01]} Re8 {[%clk
00:12:45]} {[%emt 00:02:20]} 0-1

[Event "DVM U14 2023"]
[Site "Magdeburg GER"]
[Date "2023.12.28"]
[Round "3"]
[White "Weidemann, Max"]
[Black "Haase, Alexander"]
[Result "0-1"]
[Termination "normal"]
[Board "7.3"]
[WhiteElo "1222"]
[BlackElo "1476"]
[WhiteClock "01:21:05"]
[BlackClock "01:01:00"]
[WhiteTeam "Vorwärts Orient Mainz"]
[BlackTeam "USV Halle"]
[PlyCount "72"]
[WhiteFideId "34617000"]
[BlackFideId "34606602"]
[EventCountry "GER"]
[EventRounds "7"]
[EventType "team-swiss"]
[EventDate "2023.12.26"]

1. e4 {[%clk 01:30:57]} {[%emt 00:00:02]} c6 {[%clk 01:30:55]} {[%emt
00:00:05]} 2. Nc3 {[%clk 01:31:22]} {[%emt 00:00:06]} d5 {[%clk 01:30:30]}
{[%emt 00:00:55]} 3. Nf3 {[%clk 01:31:43]} {[%emt 00:00:09]} dxe4 {[%clk
01:28:17]} {[%emt 00:02:43]} 4. Nxe4 {[%clk 01:32:06]} {[%emt 00:00:07]} Nf6
{[%clk 01:24:36]} {[%emt 00:04:11]} 5. Qe2 {[%clk 01:32:24]} {[%emt 00:00:11]}
Nxe4 {[%clk 01:24:05]} {[%emt 00:01:02]} 6. Qxe4 {[%clk 01:32:48]} {[%emt
00:00:06]} Nd7 {[%clk 01:22:36]} {[%emt 00:01:59]} 7. Bc4 {[%clk 01:32:59]}
{[%emt 00:00:18]} Nf6 {[%clk 01:19:28]} {[%emt 00:03:38]} 8. Ne5 {[%clk
01:33:03]} {[%emt 00:00:26]} e6 {[%clk 01:19:49]} {[%emt 00:00:08]} 9. Qe2
{[%clk 01:33:29]} {[%emt 00:00:05]} Bd6 {[%clk 01:15:56]} {[%emt 00:04:23]} 10.
O-O {[%clk 01:31:38]} {[%emt 00:02:21]} Qc7 {[%clk 01:15:07]} {[%emt 00:01:19]}
11. Nf3 {[%clk 01:29:25]} {[%emt 00:02:44]} b5 {[%clk 01:13:05]} {[%emt
00:02:32]} 12. Bd3 {[%clk 01:29:11]} {[%emt 00:00:44]} e5 {[%clk 01:11:33]}
{[%emt 00:02:03]} 13. Nd4 {[%clk 01:26:28]} {[%emt 00:03:12]} O-O {[%clk
01:04:51]} {[%emt 00:07:12]} 14. Nf5 {[%clk 01:21:05]} {[%emt 00:05:53]} e4
{[%clk 01:01:00]} {[%emt 00:04:21]} 15. Nxd6 exd3 {[%clk 01:01:00]} 16. Qe5 Ne8
{[%clk 01:01:00]} 17. Nxf7 Qxf7 {[%clk 01:01:00]} 18. cxd3 Nf6 {[%clk
01:01:00]} 19. b3 Nd5 {[%clk 01:01:00]} 20. Bb2 Nf4 {[%clk 01:01:00]} 21. Qd6
Bh3 {[%clk 01:01:00]} 22. Rfe1 Bxg2 {[%clk 01:01:00]} 23. Re3 Bd5 {[%clk
01:01:00]} 24. Rf1 Qf5 {[%clk 01:01:00]} 25. f3 Qg5+ {[%clk 01:01:00]} 26. Kf2
Rae8 {[%clk 01:01:00]} 27. Qc5 Qh4+ {[%clk 01:01:00]} 28. Kg1 Qg5+ {[%clk
01:01:00]} 29. Kf2 Qg2+ {[%clk 01:01:00]} 30. Ke1 Nxd3+ {[%clk 01:01:00]} 31.
Kd1 Qxf1+ {[%clk 01:01:00]} 32. Kc2 Nxc5 {[%clk 01:01:00]} 33. Rxe8 Rxe8 {[%clk
01:01:00]} 34. b4 Qd3+ {[%clk 01:01:00]} 35. Kd1 Bxf3+ {[%clk 01:01:00]} 36.
Kc1 Re1# {[%clk 01:01:00]} 0-1